Fundamentals of microbiology

Bibliographic Details
Main Author: Alcamo, I. Edward (Author)
Format: Book
Published: Reading, Mass. : Addison-Wesley , c1983
Subjects:

MARC

LEADER 00000cam a2200000 7i4500
001 0000003579
005 20021118093000.0
008 021118s1983
020 |a 0201100681 
090 0 0 |a QR41.2   |b .A43 1983 
100 0 |a Alcamo, I. Edward ,   |e author 
245 0 0 |a Fundamentals of microbiology   |c I. Edward Alcamo 
260 2 |a Reading, Mass. :   |b Addison-Wesley ,   |c c1983 
300 |a 834 p. ; ;   |c 25 cm. 
504 |a Includes index 
650 0 |a Microbiology 
999 |a 1000032755   |b Book   |c OPEN SHELF (30 DAYS)   |e Tembila Campus